000 02066cam a22005294i 4500
003 PE-LiUPU
005 20250731180104.0
008 150617s r 000 0 d
020 _a8428312311
035 _a(Sirsi) i9788428312318
040 _aPE-LiUPU
_bspa
_cPE-LiUPU
_erda
049 _aPRUA
082 0 4 _a510
_bD24
_221
100 1 _aDanko, P.,
_eautor.
245 1 0 _aEjercicios y problemas de matemáticas superiores: integrales dobles, triples y curvilíneas, series, ecuaciones diferenciales en derivadas parciales, funciones de variable compleja, programación lineal.
264 1 _aMadrid :
_bParaninfo,
_c1983.
300 _a482 páginas ;
_c22 centímetros
336 _atext
_2rdacontent
337 _aunmediated
_2rdamedia
338 _avolume
_2rdacarrier
505 0 _aIntegrales dobles y triples -- Integrales curvilíneas e integrales de superficie -- Series -- Ecuaciones diferenciales ordinarias -- Elementos de teoría de probablidades -- Nociones de ecuaciones diferenciales en derivadas parciales -- Elementos de la teoría de funcioens de variable compleja -- Elementos de cálculo operacional -- Métodos de cálculo -- Programación lineal.
526 _aSEG44
526 _aSEG26
526 _aP159
526 _aP155
526 _aP154
526 _aP153
526 _aP150
526 _aP100
526 _aP31
526 _aP30
526 _aP26
526 _aP25
526 _aP24
526 _aP22
526 _aP15
526 _aP10
650 0 4 _aMatemáticas
_xProblemas, ejercicios, etc.
700 1 _aPopov, A.
910 _ajck
_bjvq
_cjck
_d20150616
942 _2ddc
_cBOOK
949 _a510 D24
_wDEWEY
_c1
_i23667
_lCCODEBUL1
_mBUL
_r0
_sY
_tBOOK
_u2015-6-17
_xEDUCACION
_zUNKNOWN
_0COMPRA
_o.STAFF. Colección General
994 _aC0
_bPEPRU
596 _a1
999 _a510 D24
_wDEWEY
_c19246
_i23667
_d19246
_e2019-4-15
_f2021-11-5
_g5
_lCCODEBUL1
_mBUL
_n2
_r0
_sN
_tBOOK
_u2015-6-17
_xBIBLIOTECA
_zUNKNOWN
_0COMPRA
_o.STAFF. Colección General
980 _81
_gALBERTO SANCHEZ Responsable de Automatización